COUNSELLING CHILDREN WITH PSYCHOLOGICAL PROBLEMS (Record no. 14973)
[ view plain ]
| 000 -LEADER | |
|---|---|
| fixed length control field | 00256nam a22001097a 4500 |
| 003 - CONTROL NUMBER IDENTIFIER | |
| control field | SGT |
| 082 ## - DEWEY DECIMAL CLASSIFICATION NUMBER | |
| Classification number | 150 |
| Item number | C11K |
| 100 ## - MAIN ENTRY--PERSONAL NAME | |
| Personal name | KAPUR, MALAVIKA |
| 245 ## - TITLE STATEMENT | |
| Title | COUNSELLING CHILDREN WITH PSYCHOLOGICAL PROBLEMS |
| 260 ## - PUBLICATION, DISTRIBUTION, ETC. (IMPRINT) | |
| Place of publication, distribution, etc | INDIA |
| Name of publisher, distributor, etc | PEARSON |
| 942 ## - ADDED ENTRY ELEMENTS (KOHA) | |
| Source of classification or shelving scheme | Dewey Decimal Classification |
| Koha item type | Books |
| 942 ## - ADDED ENTRY ELEMENTS (KOHA) | |
| -- | 6 |
| Withdrawn status | Lost status | Source of classification or shelving scheme | Damaged status | Not for loan | Collection code | Home library | Current library | Shelving location | Date acquired | Vendor Name | SGTU | Total Checkouts | Full call number | Accession No. (Barcode) | Date last seen | Date last borrowed | Bill Date | Koha item type |
|---|---|---|---|---|---|---|---|---|---|---|---|---|---|---|---|---|---|---|
| Dewey Decimal Classification | MEDICAL | SGT Medical Library | SGT Medical Library | Reference Book | 31/01/2018 | ABC | SGTU | 1 | 150 C11K | FM9933 | 21/10/2022 | 19/10/2022 | 31/01/2018 | Books | ||||
| Dewey Decimal Classification | MEDICAL | SGT Medical Library | SGT Medical Library | Reference Book | 31/01/2018 | ABC | SGTU | 2 | 150 C11K | FM9934 | 24/10/2019 | 04/10/2019 | 31/01/2018 | Books | ||||
| Dewey Decimal Classification | MEDICAL | SGT Medical Library | SGT Medical Library | Reference Book | 31/01/2018 | ABC | SGTU | 2 | 150 C11K | FM9935 | 27/12/2024 | 28/10/2024 | 31/01/2018 | Books | ||||
| Dewey Decimal Classification | MEDICAL | SGT Medical Library | SGT Medical Library | Reference Book | 31/01/2018 | ABC | SGTU | 3 | 150 C11K | FM9936 | 01/07/2023 | 21/06/2023 | 31/01/2018 | Books |